000 00950nam a2200289 a 4500
001 000022966
005 20200930021912.0
008 101123s2000 sp r 000 f spa d
020 _a8484503178
040 _aDO-SdBNP
_bspa
_cBNPHU
041 1 7 _aspa
_heng
_2Código de idioma MARC.
082 _a813.5
_bC587p
100 1 _aClancy, Tom,
_d1947-
_910904
240 1 0 _aThe sum of all fears.
_lEspañol.
245 1 0 _aPánico nuclear /
_cTom Clancy ; traducción Edith Zilli.
260 _aBarcelona, (España) :
_bPlaza Janés Editores,
_c2000.
300 _a982, [4] p. ;
_c19 cm.
490 1 _aJet
_v150/6
490 1 _aIntriga
490 1 _aBiblioteca Tom Clancy
534 _aTítulo original en inglés:
_tThe sum of all fears
650 4 _aNovela estadounidense
_9262
650 4 _aLiteratura estadounidense
_9263
700 1 _aZilli, Edith
_etr.
_93228
830 0 _aJet ;
_pIntriga
_pBiblioteca Tom Clancy
_v150/3
_947226
049 _aBNGR
999 _c22463
_d22463